000 00425nam a2200181Ia 4500
001 16615
005 20260306170322.0
008 260306t2010||||xx |||||||||||||| ||und||
041 _aESP
082 _a348.8
_bO43
100 _aOlea, Manuel Alonso
_eAUT
245 0 _aDerecho procesal del trabajo
260 _c2010
300 _a536 páginas :
_c24 cm.
650 _aGEN
654 _aCDE
942 _cLIB
_dJUS
_fJUS
_2ddc
_n
999 _c16615
_d16615